| 000 | 00667nam a2200241Ia 4500 | ||
|---|---|---|---|
| 001 | 557 | ||
| 005 | 20240113233419.0 | ||
| 007 | ta | ||
| 008 | 050119s1969 a g b000 u eng u | ||
| 020 | _a0 601 07340 1 | ||
| 040 | _astack | ||
| 041 | _aeng | ||
| 082 |
_aG 910 _bW 495 M |
||
| 100 | _aWerner , Elsa Jane . | ||
| 245 | 0 |
_aMy colour book of Geography : a bright , easy-to-read introduction to the world we live in / _cElsa Jane Werner. _hTextual Documents |
|
| 250 | _a1st ed / | ||
| 260 |
_aLondon : _bHamlyn , _c1969. |
||
| 300 |
_a61p. : _bill ; _c27cm. . |
||
| 653 | _aHuman social Geography | ||
| 942 |
_2ddc _cBK |
||
| 999 |
_c555 _d555 |
||